Una polt̕ica poscapitalista

Detalles Bibliográficos
Autor principal: Gibson-Graham, J. K.
Formato: eBook
Lenguaje:español
Publicado: Bogot:̀ Siglo del Hombre Editores, 2011
Materias:
Acceso en línea:Acceso restringido

MARC

LEADER 00000nam a22000007a 4500
005 20210419234156.0
007 cr|||| ||||
008 210419s2011 co |||||s|||| 00||0 spa d
020 |a 978-958-665-197-4 
035 |a 33191 
040 |a vLex 
090 |c 11479  |d 11479 
100 1 |a Gibson-Graham, J. K. 
245 1 3 |a Una polt̕ica poscapitalista  |h [Recurso electrn̤ico] /  |c J. K. Gibson-Graham 
256 |a Servicio en ln̕ea 
260 |a Bogot:̀  |b Siglo del Hombre Editores,  |c 2011 
300 |a 1 recurso electrn̤ico 
500 |a Este libro aborda la interdependencia mundial y local, en torno a cuestiones econm̤icas como la necesidad, el superv̀it, el consumo y los bienes comunes. Se sacan estos temas de la esfera de la teorizacin̤ abstracta, y se incluyen en las prc̀ticas cotidianas de la vida en comunidad y en la creacin̤ de futuros alternativos. La propia interdependencia de sus autoras, como el colectivo J. K. Gibson-Graham, les da la fortaleza para tratar temas tan amplios, y para convertirse en sujetos ťicos en un orden poscapitalista. Coedicin̤ con la Universidad Javeriana. 
506 1 |a Disponible solo en los productos indicados  |d vLex Global  |d vLex Global (Academic Edition, excluding Law Schools)  |d vLex Global (U.S. Academic Edition, Law Schools)  |d vLex Global (U.S. Academic Edition, excluding Law Schools)  |d vLex Global (Academic Edition, Law Schools) 
650 0 4 |a Ciencias sociales  |z Colombia 
650 0 4 |a Humanidades  |z Colombia 
740 0 |a vLex Libros (Servicio en ln̕ea) 
856 4 0 |u https://vlex.com/source/politica-poscapitalista-33191  |z Acceso restringido 
942 |c BOOK 
999 0 |a Social Sciences 
999 0 |a Humanities